Statistics for Canadian Prime Ministers

Click here to take the quiz!

General Stats

  • This quiz has been taken 61 times
  • The average score is 22 of 28

Answer Stats

Terms in OfficeName% Correct
2015 - presentJustin Trudeau
94%
1980 - 1984Pierre Trudeau
94%
1968 - 1979Pierre Trudeau
94%
2006 - 2015Stephen Harper
94%
1921 - 1926William Lyon Mackenzie King
94%
1926 - 1930William Lyon Mackenzie King
94%
1935 - 1948William Lyon Mackenzie King
94%
1984 - 1993Brian Mulroney
84%
1993 - 2003Jean Chretien
84%
1867 - 1873John A. Macdonald
84%
1878 - 1891John A. Macdonald
84%
1873 - 1878Alexander Mackenzie
81%
1993Kim Campbell
81%
1963 - 1968Lester B. Pearson
81%
1896 - 1911Wilfrid Laurier
81%
1979 - 1980Joe Clark
77%
1957 - 1963John Diefenbaker
77%
2003 - 2006Paul Martin
77%
1948 - 1957Louis St. Laurent
71%
1911 - 1920Robert Borden
71%
1984John Turner
68%
1930 - 1935R. B. Bennett
65%
1926Arthur Meighen
61%
1920 - 1921Arthur Meighen
61%
1896Charles Tupper
61%
1891 - 1892John Abbott
61%
1892 - 1894John Thompson
58%
1894 - 1896Mackenzie Bowell
55%

Score Distribution

Percentile by Number Answered

Percent of People with Each Score

Your Score History

You have not taken this quiz